LEADER 01267nam 2200337z- 450 001 9910694379303321 005 20070711084637.0 035 $a(CKB)5860000000017228 035 $a(BIP)015401108 035 $a(EXLCZ)995860000000017228 100 $a20220406c2007uuuu -u- - 101 0 $aeng 200 10$a2007 farm bill opportunities for Vermont and the Northeast $ehearing before the Committee on Agriculture, Nutrition, and Forestry, United States Senate, One Hundred Tenth Congress, first session, March 12, 2007 215 $a1 online resource (iv, 254 p.) $cill 311 $a0-16-078876-5 517 $a2007 Farm Bill Opportunities for Vermont and the Northeast 606 $aAgriculture and state$zVermont 606 $aProduce trade$xGovernment policy$zVermont 606 $aAgricultural subsidies$zVermont 610 $aAgriculture and state 610 $aProduce trade 610 $aAgricultural subsidies 610 $aPolitical science 610 $aBusiness & economics 615 0$aAgriculture and state 615 0$aProduce trade$xGovernment policy 615 0$aAgricultural subsidies 906 $aBOOK 912 $a9910694379303321 996 $a2007 farm bill opportunities for Vermont and the Northeast$93173098 997 $aUNINA